000 00458nam a2200169Ia 4500
003 GCL
008 140319s9999 xx 000 0 ara d
040 _aGCL /
_cGCL
082 0 4 _a922.1
_bذ د
245 1 0 _aدول الاسلام
260 _a[S.N] :
_bمنشورات مؤسسة الاعلمى للمطبوعات ،
_c1985
300 _a546 ص
490 _a
650 0 4 _aالاسلام
650 0 4 _aالتاريخ الاسلامى
942 _2ddc
_cBK
999 _c28977
_d28977